000 00564nam a2200205Ia 4500
005 20250923144636.0
008 008 250917s9999 xx 000 0 eng d
037 _aTextual
040 _aDSWL
_beng
_cDSWL
041 _aeng
_2eng
084 _aX:97, H9
_qDSWL
100 _aNichol, Osgood
_9826923
245 0 _aPartners in production
_cby Osgood Nichol
260 _aNew York
_bTwentieth Century Fund
_c1949
300 _aix,149p.
365 _aUSD
_b1.5
925 _g1.5
942 _cTEXL
_hX:97, H9
999 _c1441545
_d1441545